000 00830pam a2200277 a 4500
999 _c2059
_d2059
003 OSt
005 20210706081816.0
008 830613s1983 nyua b 001 0 eng
020 _a0890048932
040 _cALUPE UNIVERSITY
050 1 0 _aRB127
_b.P332 1983
060 _aWL 704 P1466
245 0 0 _aPain measurement and assessment /
_ceditor, Ronald Melzack.
260 _aNew York :
_bRaven Press,
_cc1983.
300 _axvi, 293 p. :
_bill. ;
_c25 cm.
504 _aIncludes bibliographies and index.
650 0 _aPain
_xPsychological aspects.
650 0 _aPain
_xMeasurement.
650 0 _aMedical history taking.
650 0 _aQuestionnaires.
650 2 _aPain
_xDiagnosis.
650 2 _aQuestionnaires.
700 1 _aMelzack, Ronald.
906 _a7
_bcbc
_corignew
_d1
_eocip
_f19
_gy-gencatlg
942 _2lcc
_cBK
_nPW